000 02435camaa22006014i 4500
003 PE-LiUPU
005 20250731180111.0
008 990426s2016 pe a rb 000 0 spa d
020 _a9786120023372
035 _a(Sirsi) a239615
040 _aBNM
_erda
_bspa
_cBNM
_dESUDE
_dCKJAV
_dPE-LiUPU
049 _aPRUA
080 _a001:1
082 0 4 _a501
_bO64 2016
100 1 _aOrellana Méndez, Gaspar,
_eautor.
240 1 3 _aLa construction de ciencias.
_lEspañol.
245 1 3 _aConstrucción de instrumentos de investigación en ciencias sociales /
_cOrellana Méndez Gaspar.
250 _aPrimera Edición en español.
264 1 _aLima :
_bBiblioteca Nacional del Peru,
_c2016.
300 _a149 páginas :
_bilustraciones ;
_c21 centímetros
336 _atext
_2rdacontent
337 _aunmediated
_2rdamedia
338 _avolume
_2rdacarrier
504 _aBibliografía al final de cada capítulo.
505 0 _aLos fundamentos de las técnicas e instrumentos de investigación social -- Diseño y elaboración de instrumentos e ítems de pruebas en ciacias sociales -- Construcción de instrumentos de investigación: validez y confiabilidad -- El informe de construcción de instrumentos de recolección de datos en ciencias sociales.
526 _aSEG44
526 _aSEG26
526 _aP159
526 _aP155
526 _aP154
526 _aP153
526 _aP150
526 _aP100
526 _aP31
526 _aP30
526 _aP26
526 _aP25
526 _aP24
526 _aP22
526 _aP15
526 _aP10
541 _g0028-0000237;
541 _g002-00000055;
650 7 _aCiencia
_xFilosofía.
_2embne
650 0 4 _aCiencias
_xAspecto social.
910 _adbm
_bksl
_cksl
_d20171206
910 _adbm
_bncf
_cncf
_d20180528
942 _2ddc
_cBOOK
994 _aC0
_bPEPRU
596 _a1
999 _a501 O64 2016
_wLC
_c25300
_i77412
_d25300
_e2020-1-25
_f2021-11-5
_g4
_lCCODEBUL1
_mBUL
_n4
_p6.18
_r0
_sY
_tBOOK
_u2017-12-6
_xBIBLIOTECA
_PP69
_0COMPRA
_o.STAFF. Colección Ciencias de la Salud
999 _a501 O64 2016
_wLC
_c2
_i78632
_d2019-3-29
_e2019-3-27
_f2021-11-5
_g4
_lCCODEBUL1
_mBUL
_n1
_p6.12
_r0
_sY
_tBOOK
_u2018-5-28
_xBIBLIOTECA
_PP91
_0COMPRA
_1FCOMPRA
_o.STAFF. Colección Ciencias de la Salud
980 _81
_gALBERTO SANCHEZ Responsable de Automatización